[Event "40th Olympiad Women"]
[Site "Istanbul TUR"]
[Date "2012.08.31"]
[Round "4.61"]
[Board "1"]
[White "Pustovoitova, Daria"]
[Black "Tuominen, Tanja"]
[Result "1-0"]
[WhiteTitle "FM"]
[BlackTitle "WIM"]
[WhiteElo "2294"]
[BlackElo "2101"]
[WhiteTeam "IBCA"]
[BlackTeam "Finland"]
[WhiteFideId "4182146"]
[BlackFideId "502340"]
[EventDate "2012.08.28"]

1. e4 c5 2. Nf3 Nc6 3. d4 cxd4 4. Nxd4 Qb6 5. Nb3 Nf6 6. Nc3 e6 7. Be3 Qc7 8. a3
a6 9. f4 d6 10. Bd3 b5 11. Qf3 Bb7 12. g4 Be7 13. g5 Nd7 14. Qf2 b4 15. Ne2 bxa3
16. bxa3 O-O 17. O-O Na5 18. Nd2 Rfd8 19. Ng3 d5 20. f5 Ne5 21. Bb6 Qc6 22. f6
Bd6 23. fxg7 Nac4 24. Bxc4 dxc4 25. Bd4 Qd7 26. c3 Ng4 27. Qf3 Bxg3 28. hxg3 e5
29. Bb6 Rdc8 30. Qf5 Qxf5 31. Rxf5 Kxg7 32. Raf1 Rf8 33. Bc5 Kg6 34. Bxf8 Rxf8
35. Nxc4 Bxe4 36. Nxe5+ Nxe5 37. Rxe5 Bd3 38. Rf6+ Kg7 39. Re7 Bc4 40. Rc7 Bd3
41. Rd6 Be2 42. c4 Ra8 43. Kf2 Bh5 44. Ke3 a5 45. Kd4 a4 46. Re7 Rb8 47. Re3 Bg6
48. c5 Bf5 49. Ra6 Bc2 50. c6 Rc8 51. Rc3 Bf5 52. Rxa4 1-0

[Event "40th Olympiad Women"]
[Site "Istanbul TUR"]
[Date "2012.08.31"]
[Round "4.61"]
[Board "2"]
[White "Puuska, Heini"]
[Black "Stolarczyk, Anna"]
[Result "0-1"]
[WhiteTitle "WFM"]
[BlackTitle "WCM"]
[WhiteElo "1995"]
[BlackElo "1994"]
[WhiteTeam "Finland"]
[BlackTeam "IBCA"]
[WhiteFideId "502324"]
[BlackFideId "1126423"]
[EventDate "2012.08.28"]

1. d4 d5 2. c4 e6 3. Nf3 c6 4. Bg5 Nf6 5. Nbd2 Nbd7 6. e3 Be7 7. Qc2 h6 8. Bh4
O-O 9. Bd3 Re8 10. O-O a6 11. Bg3 c5 12. b3 cxd4 13. exd4 Nb8 14. Bxb8 Rxb8 15.
c5 Qc7 16. Ne5 Nd7 17. Bh7+ Kf8 18. Ndf3 Bf6 19. Rfe1 Nxe5 20. dxe5 Be7 21. Rac1
b6 22. cxb6 Qxb6 23. Bd3 Ba3 24. Rcd1 Bd7 25. Qe2 a5 26. Nd2 Rec8 27. g4 Bb5 28.
g5 hxg5 29. Bxb5 Qxb5 30. Qh5 Qe8 31. Qh8+ Ke7 32. Qxg7 Qg8 33. Qf6+ Ke8 34. Re3
Be7 35. Qf3 Qh8 36. Nf1 Bc5 37. Re2 Rb4 38. Rde1 Qh4 39. Ng3 Rf4 40. Qd3 Ke7 41.
Qb5 Rb4 42. Qxa5 Bb6 43. Qa3 Rh8 44. Rc2 Qxh2+ 45. Kf1 Qh3+ 46. Ke2 Qg4+ 47. Kf1
Rh2 48. Ree2 Qd4 49. Kg1 Rh4 50. Rc4 dxc4 51. bxc4 Bc5 0-1

[Event "40th Olympiad Women"]
[Site "Istanbul TUR"]
[Date "2012.08.31"]
[Round "4.61"]
[Board "3"]
[White "Karsokaite, Irena"]
[Black "Walta, Paivi"]
[Result "0-1"]
[BlackTitle "WFM"]
[WhiteElo "1632"]
[BlackElo "1808"]
[WhiteTeam "IBCA"]
[BlackTeam "Finland"]
[WhiteFideId "12805220"]
[BlackFideId "504513"]
[EventDate "2012.08.28"]

1. e4 g6 2. d4 Bg7 3. Nf3 d6 4. h3 a6 5. Bd3 Nd7 6. O-O c5 7. c3 b5 8. a4 c4 9.
Bc2 Bb7 10. Nbd2 Qc7 11. Re1 Nh6 12. Ng5 O-O 13. Ndf3 e5 14. a5 Rae8 15. d5 Bc8
16. Be3 Nc5 17. Nh2 f6 18. Ngf3 Nf7 19. Kh1 Bd7 20. Rf1 Qc8 21. Ng1 f5 22. exf5
gxf5 23. f4 Ne4 24. Qf3 exf4 25. Bxf4 Ne5 26. Bxe5 Rxe5 27. Bxe4 fxe4 28. Qe3
Bf5 29. Ne2 Rxd5 30. Ng3 Rd3 31. Nxf5 Rxe3 32. Ne7+ Kh8 33. Nxc8 Rxc8 34. Rae1
Rxe1 35. Rxe1 d5 36. Ng4 b4 37. Ne3 bxc3 38. bxc3 Bxc3 39. Rd1 d4 40. Nd5 Bb2
41. Ne7 Rc5 42. Rf1 e3 0-1

[Event "40th Olympiad Women"]
[Site "Istanbul TUR"]
[Date "2012.08.31"]
[Round "4.62"]
[Board "2"]
[White "Zykina, Nadezhda"]
[Black "Lebel-Arias, Julia"]
[Result "1/2-1/2"]
[WhiteTitle "WFM"]
[BlackTitle "WIM"]
[WhiteElo "2078"]
[BlackElo "1892"]
[WhiteTeam "IPCA"]
[BlackTeam "Monaco"]
[WhiteFideId "24150789"]
[BlackFideId "602019"]
[EventDate "2012.08.28"]

1. e4 Nf6 2. e5 Nd5 3. d4 d6 4. Nf3 dxe5 5. Nxe5 c6 6. Bd3 Nd7 7. O-O Nxe5 8.
dxe5 g6 9. c3 Bg7 10. Re1 Be6 11. Na3 O-O 12. Nc2 c5 13. a4 Qc7 14. f4 Rad8 15.
Qf3 Bc8 16. Be4 e6 17. a5 b6 18. Na3 Ba6 19. c4 Nb4 20. axb6 axb6 21. b3 Rd7 22.
Bb2 Rfd8 23. Bc3 Bf8 24. Rad1 Rxd1 25. Rxd1 Rd7 26. Ra1 Qd8 27. Nc2 Nxc2 28.
Rxa6 Nd4 29. Qe3 Nxb3 30. Ra8 Rd1+ 31. Kf2 Qh4+ 32. Ke2 Rd8 33. Be1 Nd4+ 34. Kf1
Qe7 35. Ra6 Rb8 36. Qa3 Qd8 37. Ra7 b5 38. Qh3 Be7 39. Ba5 Qf8 40. cxb5 Nxb5 41.
Rd7 Bd8 42. Be1 Nd4 43. Qa3 Qe8 44. Ra7 Qb5+ 45. Qd3 Qxd3+ 46. Bxd3 Bb6 47. Ra2
Bd8 48. Kf2 Be7 1/2-1/2

[Event "40th Olympiad Women"]
[Site "Istanbul TUR"]
[Date "2012.08.31"]
[Round "4.62"]
[Board "3"]
[White "Chung, Mathilde"]
[Black "Kaydanovich, Marina"]
[Result "1-0"]
[WhiteElo "1794"]
[BlackElo "1761"]
[WhiteTeam "Monaco"]
[BlackTeam "IPCA"]
[WhiteFideId "676446"]
[BlackFideId "4134877"]
[EventDate "2012.08.28"]

1. d4 d5 2. c4 e6 3. Nc3 f5 4. Nf3 Nf6 5. Bf4 c6 6. e3 Be7 7. Bd3 O-O 8. h3 h6
9. Qc2 Ne4 10. O-O b6 11. Ne5 Qe8 12. Rac1 Bb7 13. cxd5 exd5 14. Ne2 g6 15. Bxh6
Rf6 16. Bxe4 fxe4 17. Bg5 Re6 18. Bxe7 Qxe7 19. Nf4 1-0

[Event "40th Olympiad Women"]
[Site "Istanbul TUR"]
[Date "2012.08.31"]
[Round "4.62"]
[Board "4"]
[White "Konkolova, Nikola"]
[Black "Lomandong Noela-Joyce"]
[Result "1/2-1/2"]
[WhiteElo "1501"]
[BlackElo "1516"]
[WhiteTeam "IPCA"]
[BlackTeam "Monaco"]
[WhiteFideId "14924242"]
[BlackFideId "5400384"]
[EventDate "2012.08.28"]

1. e4 e5 2. Nf3 Nc6 3. Bc4 Be7 4. O-O Nf6 5. d3 O-O 6. Nc3 d6 7. h3 Be6 8. Bb3
Qd7 9. Kh2 Bxb3 10. axb3 Nd8 11. Be3 Ne6 12. Qd2 a6 13. d4 exd4 14. Nxd4 Rad8
15. Rad1 Rfe8 16. Nf3 Qc6 17. Qd3 Nc5 18. Bxc5 dxc5 19. Qe2 Bf8 20. Rxd8 Rxd8
21. Re1 b5 22. e5 Nd5 23. Nxd5 Qxd5 24. Ra1 Qe6 25. Qe4 Qb6 26. Ng5 g6 27. Qh4
h6 28. Ne4 Rd4 29. f3 Bg7 30. Qe7 Qc6 31. c3 Rd5 32. Nf6+ Bxf6 33. exf6 Qd6+ 34.
Kh1 Rd1+ 35. Rxd1 Qxd1+ 36. Kh2 Qd6+ 37. Kh1 Qd1+ 38. Kh2 Qd6+ 39. Kh1 Qd1+ 40.
Kh2 Qd6+ 41. Kh1 Qd1+ 1/2-1/2

[Event "40th Olympiad Women"]
[Site "Istanbul TUR"]
[Date "2012.09.01"]
[Round "5.1"]
[Board "1"]
[White "Kosintseva, Tatiana"]
[Black "Skripchenko, Almira"]
[Result "1/2-1/2"]
[WhiteTitle "GM"]
[BlackTitle "IM"]
[WhiteElo "2530"]
[BlackElo "2442"]
[WhiteTeam "Russia"]
[BlackTeam "France"]
[WhiteFideId "4133471"]
[BlackFideId "13900145"]
[EventDate "2012.08.28"]

1. e4 d5 2. exd5 Qxd5 3. Nc3 Qa5 4. d4 Nf6 5. Nf3 Bf5 6. Bc4 e6 7. Bd2 Bb4 8.
O-O Nc6 9. a3 Bxc3 10. Bxc3 Qb6 11. a4 a5 12. Bb5 O-O 13. Nd2 Nb4 14. Nc4 Qa7
15. Ne3 Bg6 16. Bc4 Rad8 17. Qe2 Nfd5 18. Bxb4 Nxb4 19. c3 Nd5 20. Bxd5 exd5 21.
Rfe1 c6 22. h4 h5 23. Nf1 Qa6 24. Qd2 Qd3 25. Re7 Rb8 26. Qxd3 Bxd3 27. Nd2 Rfe8
28. Re3 Bf5 29. Kf1 f6 30. Ke2 Kf7 31. b3 Bg4+ 32. Kd3 Bf5+ 33. Ke2 Bg4+ 34. Kd3
Bf5+ 35. Ke2 Bg4+ 1/2-1/2

[Event "40th Olympiad Women"]
[Site "Istanbul TUR"]
[Date "2012.09.01"]
[Round "5.1"]
[Board "2"]
[White "Milliet, Sophie"]
[Black "Gunina, Valentina"]
[Result "1-0"]
[WhiteTitle "IM"]
[BlackTitle "IM"]
[WhiteElo "2411"]
[BlackElo "2507"]
[WhiteTeam "France"]
[BlackTeam "Russia"]
[WhiteFideId "623725"]
[BlackFideId "4167570"]
[EventDate "2012.08.28"]

1. e4 c6 2. d4 d5 3. Nc3 dxe4 4. Nxe4 Bf5 5. Ng3 Bg6 6. h4 h6 7. Nf3 Nd7 8. h5
Bh7 9. Bd3 Bxd3 10. Qxd3 e6 11. Bd2 Ngf6 12. O-O-O Be7 13. Kb1 O-O 14. Ne4 Nxe4
15. Qxe4 Nf6 16. Qe2 Qd5 17. Be3 a5 18. Ne5 a4 19. f3 b5 20. g4 a3 21. b3 Qd6
22. f4 Ne4 23. Qd3 Qd5 24. g5 c5 25. dxc5 hxg5 26. Bd4 Rfd8 27. h6 gxh6 28. fxg5
Bxg5 29. Qf1 f6 30. Ng4 e5 31. Nxh6+ Bxh6 32. Rxh6 exd4 33. Qh3 Nc3+ 34. Ka1
Nxd1 35. Rh8+ Kf7 36. Rh7+ Ke8 37. Rh8+ Ke7 38. Rh7+ Qf7 39. Rxf7+ Kxf7 40. Qh7+
Ke8 41. Qg6+ Ke7 42. Qh7+ Ke6 43. Qe4+ Kd7 44. Qb7+ Ke8 45. Qxb5+ Kf8 46. Qc6
Kf7 47. Qb7+ Kg6 48. Qg2+ Kh6 49. Qh3+ Kg5 50. Qg3+ Kf5 51. Qf3+ Ke5 52. Qxd1 f5
53. Qe1+ Kd5 54. c4+ dxc3 55. Qxc3 Re8 56. Qd3+ Kc6 57. Qd6+ Kb7 58. Qb6+ Kc8
59. Qc6+ 1-0

[Event "40th Olympiad Women"]
[Site "Istanbul TUR"]
[Date "2012.09.01"]
[Round "5.1"]
[Board "3"]
[White "Kosintseva, Nadezhda"]
[Black "Maisuradze, Nino"]
[Result "1-0"]
[WhiteTitle "GM"]
[BlackTitle "WGM"]
[WhiteElo "2524"]
[BlackElo "2284"]
[WhiteTeam "Russia"]
[BlackTeam "France"]
[WhiteFideId "4134974"]
[BlackFideId "13601717"]
[EventDate "2012.08.28"]

1. e4 c5 2. Nf3 Nc6 3. Bb5 g6 4. Bxc6 bxc6 5. O-O Bg7 6. c3 Nh6 7. d4 Qb6 8. Re1
O-O 9. h3 d6 10. Nbd2 cxd4 11. cxd4 d5 12. e5 c5 13. dxc5 Qxc5 14. Nb3 Qb5 15.
Bf4 e6 16. Nfd4 Qa4 17. Qd2 Nf5 18. Nxf5 exf5 19. Nd4 Re8 20. b3 Qa6 21. Rac1
Be6 22. Bh6 Rac8 23. Bxg7 Kxg7 24. h4 h5 25. Qg5 Bd7 26. Rxc8 Bxc8 27. Rc1 Qb6
28. Rxc8 Rxc8 29. Nxf5+ Kf8 30. Qh6+ Ke8 31. Nd6+ Kd7 32. Nxc8 Kxc8 33. Qf8+ Qd8
34. Qxf7 Qxh4 35. e6 Qe4 36. e7 1-0

[Event "40th Olympiad Women"]
[Site "Istanbul TUR"]
[Date "2012.09.01"]
[Round "5.2"]
[Board "2"]
[White "Videnova, Iva"]
[Black "Manakova, Maria"]
[Result "0-1"]
[WhiteTitle "WGM"]
[BlackTitle "WGM"]
[WhiteElo "2317"]
[BlackElo "2304"]
[WhiteTeam "Bulgaria"]
[BlackTeam "Serbia"]
[WhiteFideId "2907763"]
[BlackFideId "927007"]
[EventDate "2012.08.28"]

1. e4 c5 2. Nf3 Nc6 3. d4 cxd4 4. Nxd4 e5 5. Nb5 d6 6. N1c3 a6 7. Na3 Be6 8. Nc4
Rc8 9. Be3 Nd4 10. Bxd4 Bxc4 11. Bxc4 Rxc4 12. Be3 Nf6 13. Qd3 Qc8 14. Bg5 Rd4
15. Qe2 Nd7 16. O-O h6 17. Bd2 Be7 18. Rac1 Nf6 19. b3 Bd8 20. a3 Ba5 21. b4 Bd8
22. f3 Qc4 23. Qe1 Qc6 24. Nd1 Rc4 25. c3 Qc8 26. Nb2 Rc6 27. c4 O-O 28. Be3 b5
29. cxb5 axb5 30. Qe2 Rxc1 31. Rxc1 Qa6 32. Rc3 Bb6 33. Bxb6 Qxb6+ 34. Qf2 Qb8
35. Qc2 d5 36. exd5 Nxd5 37. Rc5 Qa7 38. Kh1 Nf4 39. Qc3 Rd8 40. g3 Ne6 41. Rc8
Rxc8 42. Qxc8+ Kh7 43. Qc2+ g6 44. Qd3 Nd4 45. Nd1 Qa8 46. Kg2 Qd5 47. Nf2 Qa2
48. Qe3 f6 49. Qc3 Qc2 50. Qe3 h5 51. h4 Kg7 52. g4 hxg4 53. fxg4 Qc7 54. Qe4
Ne6 55. Nd3 Qd7 56. g5 Qxd3 57. Qb7+ Kg8 58. Qb8+ Nf8 59. gxf6 Qe4+ 60. Kh3 Qf3+
61. Kh2 Qxf6 62. Qxb5 Qxh4+ 63. Kg2 Qe4+ 64. Kf1 Qf3+ 65. Kg1 Qe3+ 66. Kf1 Kf7
67. a4 Ne6 68. a5 Nd4 69. Qd7+ Kf6 70. Qd6+ Kf5 71. Qf8+ Kg4 0-1

[Event "40th Olympiad Women"]
[Site "Istanbul TUR"]
[Date "2012.09.01"]
[Round "5.2"]
[Board "4"]
[White "Raeva, Elitsa"]
[Black "Benderac, Ana"]
[Result "0-1"]
[WhiteTitle "WIM"]
[BlackTitle "WGM"]
[WhiteElo "2313"]
[BlackElo "2266"]
[WhiteTeam "Bulgaria"]
[BlackTeam "Serbia"]
[WhiteFideId "2906660"]
[BlackFideId "913464"]
[EventDate "2012.08.28"]

1. d4 d5 2. c4 c6 3. Nf3 e6 4. e3 Bd6 5. Bd3 Nf6 6. O-O O-O 7. b3 Nbd7 8. Bb2
Qc7 9. Nbd2 a5 10. e4 dxe4 11. Nxe4 Nxe4 12. Bxe4 Nf6 13. Bc2 b5 14. Rc1 Bf4 15.
cxb5 Bxc1 16. Qxc1 Nd5 17. bxc6 Ra6 18. Qb1 g6 19. Ne5 f6 20. Nc4 Rxc6 21. Be4
Ba6 22. Ne3 Nxe3 23. fxe3 Bxf1 24. Qxf1 f5 25. Bxc6 Qxc6 26. Ba3 Rf7 27. Qf4 Qe4
28. h3 Qxf4 29. exf4 a4 30. Bc5 axb3 31. axb3 Rb7 32. b4 Kf7 33. Kf2 Ke8 34. Kg3
Kd7 35. Kh4 h6 36. Bf8 Ke8 37. Bc5 Rb8 38. g4 Kd7 39. gxf5 exf5 40. d5 Ra8 41.
Bd4 Kd6 42. Bg7 Kxd5 43. Bxh6 Ke6 44. Bg7 Ra7 45. Bd4 Rh7+ 46. Kg3 Kd5 47. Bc5
Ke4 48. Bd6 Rd7 49. Bb8 Rd4 50. Bc7 Rxb4 51. Kh4 Rb7 52. Bd6 Rh7+ 53. Kg3 Rd7
54. Bb8 Rb7 55. Bd6 Kd5 56. Bf8 Rb3+ 57. Kh4 Rf3 58. Bh6 Ke4 59. Bg5 Ke3 60. Bh6
Kf2 61. Kg5 Rxh3 62. Kxg6 Rxh6+ 63. Kxf5 Kf3 64. Kg5 Rb6 65. f5 Ke4 66. f6 Ke5 0-1

[Event "40th Olympiad Women"]
[Site "Istanbul TUR"]
[Date "2012.09.01"]
[Round "5.3"]
[Board "2"]
[White "Rajlich, Iweta"]
[Black "Botsari, Anna-Maria"]
[Result "1/2-1/2"]
[WhiteTitle "IM"]
[BlackTitle "WGM"]
[WhiteElo "2412"]
[BlackElo "2336"]
[WhiteTeam "Poland"]
[BlackTeam "Greece"]
[WhiteFideId "1108166"]
[BlackFideId "4200446"]
[EventDate "2012.08.28"]

1. d4 Nf6 2. c4 e6 3. Nc3 Bb4 4. Qc2 c5 5. dxc5 O-O 6. a3 Bxc5 7. Nf3 b6 8. e4
Bb7 9. Bg5 h6 10. Bh4 Be7 11. Rd1 Nh5 12. Bg3 Nxg3 13. hxg3 a6 14. e5 f5 15. Nh4
Bxh4 16. Rxh4 Nc6 17. f4 Rc8 18. Rd6 Na5 19. Qd1 Rf7 20. Rh3 Qc7 21. Qd4 Bc6 22.
Qd1 Bb7 23. Qd4 Bc6 24. Qd1 Bb7 25. Qd4 1/2-1/2

[Event "40th Olympiad Women"]
[Site "Istanbul TUR"]
[Date "2012.09.01"]
[Round "5.3"]
[Board "3"]
[White "Makropoulou, Marina"]
[Black "Zawadzka, Jolanta"]
[Result "0-1"]
[WhiteTitle "WGM"]
[BlackTitle "WGM"]
[WhiteElo "2256"]
[BlackElo "2377"]
[WhiteTeam "Greece"]
[BlackTeam "Poland"]
[WhiteFideId "4200187"]
[BlackFideId "1122320"]
[EventDate "2012.08.28"]

1. e4 c5 2. Nf3 d6 3. d4 cxd4 4. Nxd4 Nf6 5. Nc3 a6 6. Be3 e5 7. Nb3 Be7 8. f3
Be6 9. Qd2 h5 10. O-O-O Nbd7 11. h3 h4 12. Kb1 b5 13. Nd5 Bxd5 14. exd5 Nb6 15.
Na5 Nbxd5 16. Nc6 Qc7 17. Nxe7 Nxe3 18. Qxe3 Kxe7 19. Bd3 Kf8 20. Rhe1 Rd8 21.
Bf5 g6 22. Bg4 Nh5 23. Bxh5 Rxh5 24. Rd5 Kg7 25. Red1 Rf5 26. Qd2 Rf6 27. a3 Re6
28. Qg5 Rc8 29. Qd2 Qc4 30. Rd3 Qa4 31. Re1 f5 32. Rxd6 Rxd6 33. Qxd6 Qxc2+ 34.
Ka1 Qc5 35. Qxa6 Rd8 36. Qa5 Rd7 37. Rb1 Ra7 38. Qd2 b4 39. Rc1 Qe7 40. Rc4 bxa3
41. b4 Qf6 42. Ka2 Qe6 43. Qc3 Rc7 0-1

[Event "40th Olympiad Women"]
[Site "Istanbul TUR"]
[Date "2012.09.01"]
[Round "5.4"]
[Board "1"]
[White "Dzagnidze, Nana"]
[Black "Lahno, Kateryna"]
[Result "1/2-1/2"]
[WhiteTitle "GM"]
[BlackTitle "GM"]
[WhiteElo "2547"]
[BlackElo "2542"]
[WhiteTeam "Georgia"]
[BlackTeam "Ukraine"]
[WhiteFideId "13601903"]
[BlackFideId "14109336"]
[EventDate "2012.08.28"]

1. d4 Nf6 2. c4 g6 3. Nc3 d5 4. cxd5 Nxd5 5. Bd2 Bg7 6. e4 Nb6 7. Be3 O-O 8. Bb5
Be6 9. Nf3 Bg4 10. O-O Bxf3 11. Qxf3 a6 12. Ba4 Nxa4 13. Nxa4 Bxd4 14. Rfd1 e5
15. Rac1 Re8 16. Bxd4 exd4 17. Qb3 b5 18. Nc5 Nd7 19. f3 Ne5 20. Nd3 Qd6 21. Qb4
Nxd3 22. Qxd6 cxd6 23. Rxd3 Rac8 24. Rcd1 Rc2 25. R1d2 Rxd2 26. Rxd2 Rc8 27. Kf2
Kf8 28. Ke2 Ke7 29. Kd1 Ke6 30. Rxd4 Rc5 1/2-1/2

[Event "40th Olympiad Women"]
[Site "Istanbul TUR"]
[Date "2012.09.01"]
[Round "5.4"]
[Board "2"]
[White "Muzychuk, Mariya"]
[Black "Khotenashvili, Bela"]
[Result "1/2-1/2"]
[WhiteTitle "IM"]
[BlackTitle "IM"]
[WhiteElo "2466"]
[BlackElo "2509"]
[WhiteTeam "Ukraine"]
[BlackTeam "Georgia"]
[WhiteFideId "14114550"]
[BlackFideId "13602640"]
[EventDate "2012.08.28"]

1. e4 c6 2. d4 d5 3. Nc3 dxe4 4. Nxe4 Bf5 5. Ng3 Bg6 6. h4 h6 7. Nf3 Nd7 8. h5
Bh7 9. Bd3 Bxd3 10. Qxd3 e6 11. Bd2 Qc7 12. O-O-O Bd6 13. Ne4 Bf4 14. Kb1 Bxd2
15. Nfxd2 O-O-O 16. Nc4 Kb8 17. g4 Ngf6 18. Nxf6 Nxf6 19. Qe2 Rd5 20. Ne5 c5 21.
c3 a6 22. f4 cxd4 23. cxd4 Rb5 24. Rc1 Qe7 25. Rc5 Rxc5 26. dxc5 Nd5 27. Rc1 Rc8
28. Qe4 f6 29. Nd3 Qd7 30. Re1 Rd8 31. Qc4 Nc7 32. Re3 Qc6 33. Rg3 Qh1+ 34. Qc1
Qe4 35. Qe3 Qh1+ 36. Qc1 Qe4 37. Qe3 Qh1+ 38. Qc1 Qe4 1/2-1/2

[Event "40th Olympiad Women"]
[Site "Istanbul TUR"]
[Date "2012.09.01"]
[Round "5.4"]
[Board "3"]
[White "Javakhishvili, Lela"]
[Black "Ushenina, Anna"]
[Result "1/2-1/2"]
[WhiteTitle "IM"]
[BlackTitle "IM"]
[WhiteElo "2458"]
[BlackElo "2433"]
[WhiteTeam "Georgia"]
[BlackTeam "Ukraine"]
[WhiteFideId "13601458"]
[BlackFideId "14110911"]
[EventDate "2012.08.28"]

1. Nf3 Nf6 2. c4 c5 3. g3 d5 4. cxd5 Nxd5 5. Bg2 Nc6 6. Nc3 g6 7. Qb3 Nc7 8. Ng5
e6 9. d3 Nd4 10. Qd1 Bg7 11. Nge4 Qe7 12. O-O O-O 13. Na4 b6 14. Bg5 f6 15. Bd2
Bd7 16. e3 Nc6 17. f4 Rad8 18. Qc2 Be8 19. a3 Nd5 20. Nf2 e5 21. Nc3 Nc7 22. Na2
f5 23. Rab1 exf4 24. gxf4 g5 25. fxg5 Qxg5 26. b4 Ne5 27. Kh1 c4 28. d4 Ng6 29.
Qxc4+ Bf7 30. Qxc7 Bxa2 31. Nh3 Qg4 32. Rb2 Nh4 33. Qg3 Bc4 34. Qxg4 fxg4 35.
Rxf8+ Bxf8 36. Nf4 Bh6 37. Rc2 b5 38. Be1 Nf5 39. Bf2 Nxd4 40. Rd2 Ne6 41. Nd5
Kf7 42. Rd1 Bb3 43. Rd3 Bc4 44. Rd1 Bb3 45. Rd3 Bc4 1/2-1/2

[Event "40th Olympiad Women"]
[Site "Istanbul TUR"]
[Date "2012.09.01"]
[Round "5.4"]
[Board "4"]
[White "Gaponenko, Inna"]
[Black "Khurtsidze, Nino"]
[Result "1/2-1/2"]
[WhiteTitle "IM"]
[BlackTitle "IM"]
[WhiteElo "2404"]
[BlackElo "2444"]
[WhiteTeam "Ukraine"]
[BlackTeam "Georgia"]
[WhiteFideId "14101181"]
[BlackFideId "13600320"]
[EventDate "2012.08.28"]

1. e4 c5 2. Nf3 e6 3. d4 cxd4 4. Nxd4 a6 5. Bd3 Nf6 6. O-O e5 7. Bg5 d6 8. Nf5
h6 9. Bxf6 Qxf6 10. Nc3 Qd8 11. Bc4 g6 12. Ne3 Be7 13. Ncd5 Bg5 14. g3 Bh3 15.
Re1 h5 16. f4 exf4 17. Nxf4 Bxf4 18. gxf4 Nc6 19. b4 O-O 20. c3 Be6 21. Qd3 Qf6
22. Rf1 Rfe8 23. Rae1 Rac8 24. Kh1 Red8 25. a4 Bxc4 26. Nxc4 d5 27. exd5 Ne7 28.
d6 b5 29. axb5 axb5 30. Qe4 Rxc4 31. Qxe7 Qxd6 32. Qxd6 Rxd6 33. Re3 Rd2 34. f5
g5 35. Rg1 g4 36. h3 Kg7 37. hxg4 hxg4 38. Re5 Kf6 39. Rxb5 Kg5 40. f6+ Kxf6 41.
Rf1+ Kg6 42. Rb6+ Kg5 43. Rxf7 Rxc3 44. Rb5+ Kh4 45. Rc5 Rb3 46. Rc1 Rxb4 47.
Rh7+ Kg5 48. Rh8 g3 49. Rg8+ Kh4 50. Rh8+ Kg4 51. Rg8+ Kh3 52. Rh8+ Rh4 53.
Rxh4+ Kxh4 54. Rc8 Kh3 55. Rh8+ Kg4 1/2-1/2

[Event "40th Olympiad Women"]
[Site "Istanbul TUR"]
[Date "2012.09.01"]
[Round "5.5"]
[Board "1"]
[White "Reizniece-Ozola, Dana"]
[Black "Borosova, Zuzana"]
[Result "1/2-1/2"]
[WhiteTitle "WGM"]
[BlackTitle "WGM"]
[WhiteElo "2251"]
[BlackElo "2280"]
[WhiteTeam "Latvia"]
[BlackTeam "Slovakia"]
[WhiteFideId "11601124"]
[BlackFideId "14905779"]
[EventDate "2012.08.28"]

1. e4 c6 2. d4 d5 3. Nc3 dxe4 4. Nxe4 Bf5 5. Ng3 Bg6 6. Nf3 Nd7 7. h4 h6 8. Bc4
e6 9. h5 Bh7 10. Bb3 Bd6 11. Nf1 Ngf6 12. Ne3 O-O 13. Nc4 Nb6 14. Nxd6 Qxd6 15.
c3 Rad8 16. Qe2 Nbd5 17. Ne5 c5 18. O-O cxd4 19. cxd4 Rc8 20. Bd2 Rc7 21. Rac1
Rfc8 22. Rxc7 Rxc7 23. Rc1 Rxc1+ 24. Bxc1 Qb6 25. Bxd5 Nxd5 26. Be3 Qc7 27. g4
f6 28. Ng6 Bxg6 29. hxg6 Qc6 30. Qd2 Ne7 31. Bxh6 Nxg6 32. d5 exd5 33. Bf4 Qc4
34. Bg3 Ne5 35. Bxe5 fxe5 36. Qg5 Qc7 37. Qf5 Qe7 38. g5 d4 39. g6 Qc7 40. Kg2
b6 41. Qf3 e4 42. Qxe4 Kf8 43. Qd5 Qe7 44. Qa8+ Qe8 45. Qf3+ Ke7 46. Qe4+ Kf8
47. Qf5+ Ke7 48. Qe5+ Kf8 49. Qf5+ Ke7 50. Qe4+ Kf8 51. Kf3 Qd7 52. Qf4+ Ke8 53.
Qe5+ Kd8 54. Qb8+ Ke7 55. Qe5+ Kd8 56. Qb8+ Ke7 57. Ke4 1/2-1/2

[Event "40th Olympiad Women"]
[Site "Istanbul TUR"]
[Date "2012.09.01"]
[Round "5.5"]
[Board "3"]
[White "Berzina, Ilze"]
[Black "Kochetkova, Julia"]
[Result "1/2-1/2"]
[WhiteTitle "WGM"]
[BlackTitle "WGM"]
[WhiteElo "2306"]
[BlackElo "2305"]
[WhiteTeam "Latvia"]
[BlackTeam "Slovakia"]
[WhiteFideId "11601345"]
[BlackFideId "4139690"]
[EventDate "2012.08.28"]

1. e4 c5 2. Nf3 e6 3. d4 cxd4 4. Nxd4 Nc6 5. g3 a6 6. Bg2 Qc7 7. Be3 d6 8. O-O
Bd7 9. Nc3 Nf6 10. h3 h5 11. Re1 Be7 12. Bg5 Ne5 13. Nde2 Qc5 14. Be3 Qc7 15.
Bd4 Nc6 16. Be3 Ne5 17. Bd4 Nc6 18. Be3 1/2-1/2

[Event "40th Olympiad Women"]
[Site "Istanbul TUR"]
[Date "2012.09.01"]
[Round "5.5"]
[Board "4"]
[White "Machalova, Veronika"]
[Black "Erneste, Inguna"]
[Result "1-0"]
[WhiteTitle "WFM"]
[BlackTitle "WGM"]
[WhiteElo "2222"]
[BlackElo "2203"]
[WhiteTeam "Slovakia"]
[BlackTeam "Latvia"]
[WhiteFideId "14904888"]
[BlackFideId "11600241"]
[EventDate "2012.08.28"]

1. e4 e5 2. Nf3 Nc6 3. Bb5 a6 4. Ba4 Nf6 5. O-O Be7 6. Re1 b5 7. Bb3 d6 8. c3
O-O 9. h3 Nb8 10. d4 Nbd7 11. Nbd2 Bb7 12. Bc2 Re8 13. Nf1 Bf8 14. Ng3 g6 15. b3
c6 16. Bg5 h6 17. Bd2 Qc7 18. Rc1 Rad8 19. Kh1 Bg7 20. Bb1 Qb8 21. Qc2 Rc8 22.
Rcd1 Qc7 23. Qc1 Kh7 24. Qa3 Bf8 25. Qb2 Bg7 26. dxe5 dxe5 27. c4 bxc4 28. bxc4
Nc5 29. Bb4 Nfd7 30. Qc3 Bf8 31. Ba5 Qb8 32. Bc2 Qa7 33. Nf1 Ba8 34. Ne3 Bg7 35.
Qd2 Nf6 36. Ng4 Nxg4 37. hxg4 Ne6 38. Rb1 Nd4 39. Bb6 Qd7 40. Bxd4 exd4 41. g5
c5 42. Qf4 h5 43. Bd3 Qg4 44. Qxg4 hxg4 45. Nh2 g3 46. fxg3 Be5 47. Rf1 Kg7 48.
Rf3 Bc7 49. Rbf1 Re7 50. Ng4 Bc6 51. Kg1 Rb8 52. Nf6 Bd8 53. Ng4 Rbb7 54. Rf4
Bc7 55. R4f3 Bd7 56. Nf6 Be6 57. g4 Bd8 58. Rh3 1-0